000 00309nam a2200121Ia 4500
008 190216s9999||||xx |||||||||||||| ||und||
100 _aVineeta Singhal
245 0 _aHindi-Bhavishya Ki Asha:Parajeeni Pahaslen
260 _bIndraprastha International
_c2008
300 _a128
650 _aHindi
942 _cBK
999 _c16573
_d16573